Hablar bien no cuesta nada /

Na minha lista:
Detalhes bibliográficos
Autor principal: Garret, H.G (autor)
Formato: Livro
Idioma:espanhol
Publicado em: Barcelona, España : Aura, 1968, c1968
Assuntos:
Tags: Adicionar Tag
Sem tags, seja o primeiro a adicionar uma tag!

MARC

LEADER 00000nam^a2200000^a^4500
001 000276058
005 20250521000000.0
009 20260310111251.673
037 |a Acervo Xavier Clavigero 
041 |a ESP 
082 |a 809. 5  |b GAR 
100 |a Garret, H.G.  |e (autor) 
245 1 0 |a Hablar bien no cuesta nada /  |c H.G. Garret ; tr. por Jesús de la Torre. 
264 4 |a Barcelona, España :  |b Aura,  |c 1968, c1968 
300 |a 125 p. 
336 |a texto  |b txt  |2 rdacontenido 
337 |a sin mediación  |b n  |2 rdamedio 
338 |a volumen  |b nc  |2 rdasoporte 
500 |a Traducción de: Successful Public Speaking 
649 |a XX 
650 |a Oratoria -  |x Tema Principal 
650 |a Debates y el Arte de Discutir 
650 |a Comunicación Oral 
650 |a Comunicación Verbal 
910 |a Fondo General 
920 |a Impresos - Libros 
930 |a Colección General 
940 |a Literatura 
905 |a 101 
901 |a 0500161409  |b IT1  |c LIT  |u 20250521 
902 |a https://opac.biblio.iteso.mx/vufind/Record/000276058